<?xml version="1.0" encoding="UTF-8"?><marc:collection xmlns:marc="http://www.loc.gov/MARC21/slim">
  <marc:record>
    <marc:leader>00000nam  2200000za 4500</marc:leader>
    <marc:controlfield tag="001">9.856180</marc:controlfield>
    <marc:controlfield tag="003">CaOODSP</marc:controlfield>
    <marc:controlfield tag="005">20221107155500</marc:controlfield>
    <marc:controlfield tag="007">cr |||||||||||</marc:controlfield>
    <marc:controlfield tag="008">180504s2018    nscbd   ob   f000 0 eng d</marc:controlfield>
    <marc:datafield tag="040" ind1=" " ind2=" ">
      <marc:subfield code="a">CaOODSP</marc:subfield>
      <marc:subfield code="b">eng</marc:subfield>
    </marc:datafield>
    <marc:datafield tag="043" ind1=" " ind2=" ">
      <marc:subfield code="a">n-cn-nf</marc:subfield>
      <marc:subfield code="a">n-cn-nk</marc:subfield>
      <marc:subfield code="a">n-cn-ns</marc:subfield>
    </marc:datafield>
    <marc:datafield tag="086" ind1="1" ind2=" ">
      <marc:subfield code="a">Fs70-7/2018-022E-PDF</marc:subfield>
    </marc:datafield>
    <marc:datafield tag="245" ind1="0" ind2="0">
      <marc:subfield code="a">Stock status update of Atlantic halibut (Hippoglossus hippoglossus) on the Scotian Shelf and southern Grand Banks in NAFO divisions 3NOPs4VWX5Zc </marc:subfield>
      <marc:subfield code="h">[electronic resource].</marc:subfield>
    </marc:datafield>
    <marc:datafield tag="246" ind1="1" ind2="7">
      <marc:subfield code="a">Science response : </marc:subfield>
      <marc:subfield code="b">stock status update of Atlantic halibut</marc:subfield>
    </marc:datafield>
    <marc:datafield tag="260" ind1=" " ind2=" ">
      <marc:subfield code="a">Dartmouth, N.S. : </marc:subfield>
      <marc:subfield code="b">Centre for Science Advice (CSA), Maritimes Region, Fisheries and Oceans Canada, </marc:subfield>
      <marc:subfield code="c">2018.</marc:subfield>
    </marc:datafield>
    <marc:datafield tag="300" ind1=" " ind2=" ">
      <marc:subfield code="a">9 p. : </marc:subfield>
      <marc:subfield code="b">charts (some col.), map.</marc:subfield>
    </marc:datafield>
    <marc:datafield tag="490" ind1="1" ind2=" ">
      <marc:subfield code="a">Science response, </marc:subfield>
      <marc:subfield code="x">1919-3769 ; </marc:subfield>
      <marc:subfield code="v">2018/022</marc:subfield>
    </marc:datafield>
    <marc:datafield tag="500" ind1=" " ind2=" ">
      <marc:subfield code="a">Issued also in French under title: Mise à jour de l'état du stock de flétan (Hippoglossus hippoglossus) du plateau néo-écossais et du sud des grands bancs dans les divisions 3NOPs4VWX5Zc de l'OPANO.</marc:subfield>
    </marc:datafield>
    <marc:datafield tag="500" ind1=" " ind2=" ">
      <marc:subfield code="a">Caption title.</marc:subfield>
    </marc:datafield>
    <marc:datafield tag="500" ind1=" " ind2=" ">
      <marc:subfield code="a">"April 2018."</marc:subfield>
    </marc:datafield>
    <marc:datafield tag="504" ind1=" " ind2=" ">
      <marc:subfield code="a">Includes bibliographical references.</marc:subfield>
    </marc:datafield>
    <marc:datafield tag="520" ind1=" " ind2=" ">
      <marc:subfield code="a">"Atlantic Halibut (Hippoglossus hippoglossus) is the largest of the flatfishes and ranges widely over Canada's East Coast. The management unit definition, Northwest Atlantic Fisheries Organization (NAFO) Divisions 3NOPs4VWX5Zc, is based largely on tagging results that indicate that Atlantic Halibut move extensively throughout the Canadian North Atlantic with smaller fish moving further than larger fish. Resource Management asked Science to update and evaluate Atlantic Halibut abundance indicators, landings and fishing mortality estimated from tagging data. This response provides 2018-2019 TAC advice based on the Objectives and Harvest Strategy adopted at the Scotia-Fundy Groundfish Advisory Committee (SFGAC) meeting in March 2015”--Context, p. [1].</marc:subfield>
    </marc:datafield>
    <marc:datafield tag="693" ind1=" " ind2="4">
      <marc:subfield code="a">Atlantic halibut</marc:subfield>
    </marc:datafield>
    <marc:datafield tag="693" ind1=" " ind2="4">
      <marc:subfield code="a">Fishing area</marc:subfield>
    </marc:datafield>
    <marc:datafield tag="693" ind1=" " ind2="4">
      <marc:subfield code="a">Fish stock assessment</marc:subfield>
    </marc:datafield>
    <marc:datafield tag="710" ind1="1" ind2=" ">
      <marc:subfield code="a">Canada. </marc:subfield>
      <marc:subfield code="b">Department of Fisheries and Oceans. </marc:subfield>
      <marc:subfield code="b">Maritimes Region.</marc:subfield>
    </marc:datafield>
    <marc:datafield tag="710" ind1="2" ind2=" ">
      <marc:subfield code="a">Canadian Science Advisory Secretariat.</marc:subfield>
    </marc:datafield>
    <marc:datafield tag="775" ind1="0" ind2="8">
      <marc:subfield code="t">Mise à jour de l'état du stock de flétan (Hippoglossus hippoglossus) du plateau néo-écossais et du sud des grands bancs dans les divisions 3NOPs4VWX5Zc de l'OPANO </marc:subfield>
      <marc:subfield code="w">(CaOODSP)9.856181</marc:subfield>
    </marc:datafield>
    <marc:datafield tag="830" ind1="#" ind2="0">
      <marc:subfield code="a">Science response (Canadian Science Advisory Secretariat)</marc:subfield>
      <marc:subfield code="x">1919-3769 ; </marc:subfield>
      <marc:subfield code="v">2018/022.</marc:subfield>
      <marc:subfield code="w">(CaOODSP)9.506232</marc:subfield>
    </marc:datafield>
    <marc:datafield tag="856" ind1="4" ind2="0">
      <marc:subfield code="q">PDF</marc:subfield>
      <marc:subfield code="s">410 KB</marc:subfield>
      <marc:subfield code="u">https://publications.gc.ca/collections/collection_2018/mpo-dfo/fs70-7/Fs70-7-2018-022-eng.pdf</marc:subfield>
    </marc:datafield>
  </marc:record>
</marc:collection>
